| 000 | 00785nam a22001577a 4500 | ||
|---|---|---|---|
| 003 | OSt | ||
| 005 | 20160401110429.0 | ||
| 008 | 160401b xxu||||| |||| 00| 0 eng d | ||
| 040 | _cRUA | ||
| 082 | _aAGR.BB CHE 2010 B472 Or.1 | ||
| 100 |
_98299 _aCHEA SENGHOUY; ជា សេងហួយ |
||
| 245 | _aComparision of yeild rice planting and sowing in dry season conditional tmolkoul district, battambang province; ប្រៀបធៀបផលិតកម្មស្រូវសន្ទូង និងស្រូវពង្រោះក្នុងលក្ខខ័ណ្ឌរដូវប្រាំង នៅស្រុកថ្មគោល ខេត្តបាត់ដំបង | ||
| 260 |
_aPhnom Penh _bRUA _c2010 |
||
| 300 |
_axiii;66p. _bill. _c29cm. |
||
| 942 |
_2ddc _cAGRBB |
||
| 999 |
_c7936 _d7936 |
||